Very hard Geography Questions - Statistics

General Stats
  • This quiz has been taken 134 times
  • The average score is 10 of 15
Answer Stats
Hint Answer % Correct
What country has more islands, Norway or the Philippines? Norway
99%
What central European country managed to stay neutral in any topic since 1815 Switzerland
92%
What country has the only non quadrilateral flag as its national one? Nepal
89%
Where was Pablo Picasso from? Spain
84%
Capital is Harare. Zimbabwe
82%
Where is the North Pole (the city) United States
79%
What country has more guns than people? United States
79%
What nation will be completely submerged in water by 2100? It starts with the letter F. Fiji
78%
How many presidents of the United States have there been? (2023) 45
75%
What country has the most islands in the world? Sweden
71%
Who was the leader of England when the Magna Carta was signed? King John
42%
What country has every vowel (not "y") in its name? Mozambique
30%
What year was Ferdinand Magellan born? 1480
19%
What country has more cats than people? New Zealand
18%
Where is Blood Falls? Antarctica
16%
No matching quizzes found
Score Distribution
Percent of People with Each Score
Percentile by Number Answered
Your Score History
You have not taken this quiz